<?xml version="1.0" encoding="UTF-8"?><?xml-stylesheet type="text/xsl" href="static/style.xsl"?><OAI-PMH xmlns="http://www.openarchives.org/OAI/2.0/" xmlns:xsi="http://www.w3.org/2001/XMLSchema-instance" xsi:schemaLocation="http://www.openarchives.org/OAI/2.0/ http://www.openarchives.org/OAI/2.0/OAI-PMH.xsd"><responseDate>2026-06-03T12:44:00Z</responseDate><request verb="GetRecord" identifier="oai:riuma.uma.es:10630/11077" metadataPrefix="marc">https://riuma.uma.es/rest/oai/request</request><GetRecord><record><header><identifier>oai:riuma.uma.es:10630/11077</identifier><datestamp>2026-02-03T11:26:11Z</datestamp><setSpec>com_10630_2254</setSpec><setSpec>col_10630_37953</setSpec></header><metadata><record xmlns="http://www.loc.gov/MARC21/slim" xmlns:dcterms="http://purl.org/dc/terms/" xmlns:doc="http://www.lyncode.com/xoai" xmlns:xsi="http://www.w3.org/2001/XMLSchema-instance" xsi:schemaLocation="http://www.loc.gov/MARC21/slim http://www.loc.gov/standards/marcxml/schema/MARC21slim.xsd">
   <leader>00925njm 22002777a 4500</leader>
   <datafield ind2=" " ind1=" " tag="042">
      <subfield code="a">dc</subfield>
   </datafield>
   <datafield ind2=" " ind1=" " tag="720">
      <subfield code="a">Luque-Nieto, Miguel Ángel</subfield>
      <subfield code="e">author</subfield>
   </datafield>
   <datafield ind2=" " ind1=" " tag="720">
      <subfield code="a">Moreno-Roldán, José Miguel</subfield>
      <subfield code="e">author</subfield>
   </datafield>
   <datafield ind2=" " ind1=" " tag="720">
      <subfield code="a">Poncela-González, Javier</subfield>
      <subfield code="e">author</subfield>
   </datafield>
   <datafield ind2=" " ind1=" " tag="720">
      <subfield code="a">Otero-Roth, Pablo</subfield>
      <subfield code="e">author</subfield>
   </datafield>
   <datafield ind2=" " ind1=" " tag="260">
      <subfield code="c">2016</subfield>
   </datafield>
   <datafield ind2=" " ind1=" " tag="520">
      <subfield code="a">Underwater wireless sensor networks (UWSNs) are a promising technology to provide oceanographers with environmental data&#xd;
in real time. Suitable network topologies to monitor estuaries are formed by strings coming together to a sink node.This network&#xd;
may be understood as an oriented graph. A number of MAC techniques can be used in UWSNs, but Spatial-TDMA is preferred&#xd;
for fixed networks. In this paper, a scheduling procedure to obtain the optimal fair frame is presented, under ideal conditions&#xd;
of synchronization and transmission errors. The main objective is to find the theoretical maximum throughput by overlapping&#xd;
the transmissions of the nodes while keeping a balanced received data rate from each sensor, regardless of its location in the&#xd;
network. The procedure searches for all cliques of the compatibility matrix of the network graph and solves a Multiple-Vector&#xd;
Bin Packing (MVBP) problem. This work addresses the optimization problem and provides analytical and numerical results for&#xd;
both the minimum frame length and the maximum achievable throughput.</subfield>
   </datafield>
   <datafield ind1="8" ind2=" " tag="024">
      <subfield code="a">Miguel-Angel Luque-Nieto, José-Miguel Moreno-Roldán, Javier Poncela, and Pablo Otero, “Optimal Fair Scheduling in S-TDMA Sensor Networks for Monitoring River Plumes,” Journal of Sensors, vol. 2016, Article ID 8671516, 6 pages, 2016. doi:10.1155/2016/8671516</subfield>
   </datafield>
   <datafield ind1="8" ind2=" " tag="024">
      <subfield code="a">DOI:10.1155/2016/8671516</subfield>
   </datafield>
   <datafield ind1="8" ind2=" " tag="024">
      <subfield code="a">http://hdl.handle.net/10630/11077</subfield>
   </datafield>
   <datafield tag="653" ind2=" " ind1=" ">
      <subfield code="a">Redes inalámbricas</subfield>
   </datafield>
   <datafield tag="653" ind2=" " ind1=" ">
      <subfield code="a">Acústica submarina</subfield>
   </datafield>
   <datafield ind2="0" ind1="0" tag="245">
      <subfield code="a">Optimal Fair Scheduling in S-TDMA Sensor Networks for Monitoring River Plumes</subfield>
   </datafield>
</record>
</metadata></record></GetRecord></OAI-PMH>